[Event "ODJM C 2025"]
[Site "Willingen GER"]
[Date "2025.06.11"]
[Round "6"]
[White "Abram, Kristina-Maria"]
[Black "Yang, Everest"]
[Result "1-0"]
[Termination "normal"]
[Board "7"]
[WhiteElo "1507"]
[BlackElo "1629"]
[WhiteClock "01:17:55"]
[BlackClock "00:26:26"]
[PlyCount "63"]
[WhiteFideId "16298349"]
[BlackFideId "533021570"]
[EventCountry "GER"]
[EventRounds "9"]
[EventType "swiss"]
[EventDate "2025.06.07"]

1. d4 {[%clk 01:30:58]} {[%emt 00:00:01]} Nf6 {[%clk 01:30:52]} {[%emt
00:00:08]} 2. c4 {[%clk 01:31:23]} {[%emt 00:00:05]} g6 {[%clk 01:31:06]}
{[%emt 00:00:16]} 3. Nc3 {[%clk 01:31:48]} {[%emt 00:00:05]} Bg7 {[%clk
01:31:29]} {[%emt 00:00:07]} 4. e4 {[%clk 01:32:13]} {[%emt 00:00:05]} d6
{[%clk 01:31:49]} {[%emt 00:00:10]} 5. Nf3 {[%clk 01:32:37]} {[%emt 00:00:06]}
O-O {[%clk 01:31:51]} {[%emt 00:00:28]} 6. Be2 {[%clk 01:32:53]} {[%emt
00:00:14]} c5 {[%clk 01:29:37]} {[%emt 00:02:44]} 7. d5 {[%clk 01:32:23]}
{[%emt 00:01:00]} e6 {[%clk 01:28:08]} {[%emt 00:01:59]} 8. Bg5 {[%clk
01:32:02]} {[%emt 00:00:50]} h6 {[%clk 01:27:02]} {[%emt 00:01:36]} 9. Bh4
{[%clk 01:32:27]} {[%emt 00:00:06]} g5 {[%clk 01:26:53]} {[%emt 00:00:38]} 10.
Bg3 {[%clk 01:32:43]} {[%emt 00:00:15]} Nh5 {[%clk 01:26:39]} {[%emt 00:00:44]}
11. O-O {[%clk 01:32:00]} {[%emt 00:01:12]} Nxg3 {[%clk 01:25:00]} {[%emt
00:02:10]} 12. fxg3 {[%clk 01:32:25]} {[%emt 00:00:05]} exd5 {[%clk 01:22:11]}
{[%emt 00:03:18]} 13. exd5 {[%clk 01:31:44]} {[%emt 00:01:12]} Bf5 {[%clk
01:19:49]} {[%emt 00:02:52]} 14. Qd2 {[%clk 01:31:18]} {[%emt 00:00:53]} Bh7
{[%clk 01:18:10]} {[%emt 00:02:13]} 15. Bd3 {[%clk 01:29:21]} {[%emt 00:02:26]}
f5 {[%clk 01:15:14]} {[%emt 00:03:26]} 16. Rae1 {[%clk 01:28:29]} {[%emt
00:01:22]} Qd7 {[%clk 01:13:06]} {[%emt 00:02:39]} 17. a3 {[%clk 01:27:25]}
{[%emt 00:01:34]} Na6 {[%clk 01:12:13]} {[%emt 00:01:22]} 18. Nb5 {[%clk
01:25:47]} {[%emt 00:02:07]} Rae8 {[%clk 01:08:10]} {[%emt 00:04:33]} 19. Nxa7
{[%clk 01:25:28]} {[%emt 00:00:51]} Nc7 {[%clk 01:03:37]} {[%emt 00:05:02]} 20.
Nb5 {[%clk 01:24:56]} {[%emt 00:01:01]} Nxb5 {[%clk 00:59:45]} {[%emt
00:04:23]} 21. cxb5 {[%clk 01:25:19]} {[%emt 00:00:08]} Qf7 {[%clk 00:57:56]}
{[%emt 00:02:19]} 22. Qc2 {[%clk 01:24:37]} {[%emt 00:01:04]} Kh8 {[%clk
00:55:07]} {[%emt 00:03:26]} 23. Qc4 {[%clk 01:23:13]} {[%emt 00:01:42]} Bxb2
{[%clk 00:47:37]} {[%emt 00:08:12]} 24. a4 {[%clk 01:21:35]} {[%emt 00:02:09]}
b6 {[%clk 00:46:34]} {[%emt 00:01:32]} 25. Re6 {[%clk 01:21:51]} {[%emt
00:00:13]} Rxe6 {[%clk 00:44:32]} {[%emt 00:02:33]} 26. dxe6 {[%clk 01:22:17]}
{[%emt 00:00:04]} Qe7 {[%clk 00:42:23]} {[%emt 00:02:39]} 27. Qd5 {[%clk
01:22:24]} {[%emt 00:00:14]} Rf6 {[%clk 00:39:18]} {[%emt 00:03:43]} 28. Re1
{[%clk 01:22:25]} {[%emt 00:00:30]} g4 {[%clk 00:33:21]} {[%emt 00:06:27]} 29.
Nh4 {[%clk 01:22:10]} {[%emt 00:00:42]} Be5 {[%clk 00:31:34]} {[%emt 00:02:19]}
30. Qc6 {[%clk 01:20:23]} {[%emt 00:02:07]} Rxe6 {[%clk 00:31:06]} {[%emt
00:01:09]} 31. Kf1 {[%clk 01:17:55]} {[%emt 00:02:56]} Bd4 {[%clk 00:26:26]}
{[%emt 00:05:12]} 32. Qc8+ {[%emt 00:04:21]} 1-0

[Event "ODJM C 2025"]
[Site "Willingen GER"]
[Date "2025.06.11"]
[Round "6"]
[White "Kutz, Henning Jasper"]
[Black "Fabritius, Heinrich"]
[Result "1/2-1/2"]
[Termination "normal"]
[Board "8"]
[WhiteElo "1552"]
[BlackElo "1224"]
[WhiteClock "00:39:38"]
[BlackClock "00:26:29"]
[PlyCount "108"]
[WhiteFideId "34612882"]
[BlackFideId "533026238"]
[EventCountry "GER"]
[EventRounds "9"]
[EventType "swiss"]
[EventDate "2025.06.07"]

1. e4 {[%clk 01:30:59]} {[%emt 00:00:01]} e6 {[%clk 01:30:53]} {[%emt
00:00:07]} 2. d4 {[%clk 01:31:23]} {[%emt 00:00:06]} d5 {[%clk 01:31:17]}
{[%emt 00:00:06]} 3. e5 {[%clk 01:31:48]} {[%emt 00:00:05]} c5 {[%clk
01:31:37]} {[%emt 00:00:09]} 4. c3 {[%clk 01:32:14]} {[%emt 00:00:05]} Nc6
{[%clk 01:31:54]} {[%emt 00:00:13]} 5. Nf3 {[%clk 01:32:37]} {[%emt 00:00:07]}
Qb6 {[%clk 01:31:46]} {[%emt 00:00:38]} 6. Be2 {[%clk 01:32:07]} {[%emt
00:01:00]} Bd7 {[%clk 01:31:28]} {[%emt 00:00:48]} 7. b3 {[%clk 01:31:38]}
{[%emt 00:00:59]} cxd4 {[%clk 01:28:53]} {[%emt 00:03:05]} 8. cxd4 {[%clk
01:32:00]} {[%emt 00:00:07]} Bb4+ {[%clk 01:28:09]} {[%emt 00:01:15]} 9. Bd2
{[%clk 01:31:50]} {[%emt 00:00:39]} Nxd4 {[%clk 01:23:26]} {[%emt 00:05:14]}
10. Bxb4 {[%clk 01:30:26]} {[%emt 00:01:54]} Qxb4+ {[%clk 01:21:33]} {[%emt
00:02:23]} 11. Nbd2 {[%clk 01:29:46]} {[%emt 00:01:09]} Nxe2 {[%clk 01:20:27]}
{[%emt 00:01:36]} 12. Qxe2 {[%clk 01:27:39]} {[%emt 00:02:38]} Bb5 {[%clk
01:20:20]} {[%emt 00:00:36]} 13. Qd1 {[%clk 01:27:12]} {[%emt 00:00:58]} Ne7
{[%clk 01:20:12]} {[%emt 00:00:37]} 14. a3 {[%clk 01:26:42]} {[%emt 00:01:00]}
Qa5 {[%clk 01:18:28]} {[%emt 00:02:14]} 15. b4 {[%clk 01:24:36]} {[%emt
00:02:36]} Qd8 {[%clk 01:17:13]} {[%emt 00:01:45]} 16. Nd4 {[%clk 01:23:49]}
{[%emt 00:01:17]} Qb6 {[%clk 01:15:02]} {[%emt 00:02:42]} 17. N2f3 {[%clk
01:22:20]} {[%emt 00:01:58]} O-O {[%clk 01:11:46]} {[%emt 00:03:46]} 18. Nxb5
{[%clk 01:19:53]} {[%emt 00:02:58]} Qxb5 {[%clk 01:11:30]} {[%emt 00:00:46]}
19. Nd4 {[%clk 01:19:46]} {[%emt 00:00:36]} Qd7 {[%clk 01:10:59]} {[%emt
00:01:01]} 20. O-O {[%clk 01:19:41]} {[%emt 00:00:35]} Rac8 {[%clk 01:10:15]}
{[%emt 00:01:14]} 21. Qd3 {[%clk 01:18:14]} {[%emt 00:01:56]} Nc6 {[%clk
01:09:56]} {[%emt 00:00:50]} 22. Nf3 {[%clk 01:17:41]} {[%emt 00:01:03]} h6
{[%clk 01:08:53]} {[%emt 00:01:33]} 23. Rfe1 {[%clk 01:16:01]} {[%emt
00:02:10]} Rc7 {[%clk 01:08:36]} {[%emt 00:00:48]} 24. Nd2 {[%clk 01:13:54]}
{[%emt 00:02:37]} Rfc8 {[%clk 01:07:45]} {[%emt 00:01:21]} 25. Qb5 {[%clk
01:10:28]} {[%emt 00:03:55]} Nxe5 {[%clk 01:06:36]} {[%emt 00:01:38]} 26. Qe2
{[%clk 01:05:50]} {[%emt 00:05:08]} Nc4 {[%clk 01:03:20]} {[%emt 00:03:47]} 27.
Nxc4 {[%clk 01:05:44]} {[%emt 00:00:37]} Rxc4 {[%clk 01:02:37]} {[%emt
00:01:13]} 28. h3 {[%clk 01:04:58]} {[%emt 00:01:16]} Rc2 {[%clk 01:01:46]}
{[%emt 00:01:21]} 29. Qe3 {[%clk 01:03:59]} {[%emt 00:01:28]} d4 {[%clk
00:59:49]} {[%emt 00:02:27]} 30. Qf4 {[%clk 01:03:17]} {[%emt 00:01:11]} f6
{[%clk 00:58:31]} {[%emt 00:01:50]} 31. Qe4 {[%clk 01:01:34]} {[%emt 00:02:12]}
e5 {[%clk 00:56:09]} {[%emt 00:02:53]} 32. Rad1 {[%clk 00:58:12]} {[%emt
00:03:51]} Ra2 {[%clk 00:53:41]} {[%emt 00:02:58]} 33. Qf3 {[%clk 00:56:09]}
{[%emt 00:02:33]} Rcc2 {[%clk 00:51:33]} {[%emt 00:02:39]} 34. Qb3+ {[%clk
00:55:02]} {[%emt 00:01:37]} Qf7 {[%clk 00:50:50]} {[%emt 00:01:13]} 35. Qf3
{[%clk 00:54:03]} {[%emt 00:01:28]} Rc3 {[%clk 00:49:49]} {[%emt 00:01:31]} 36.
Qf5 {[%clk 00:53:00]} {[%emt 00:01:33]} Raxa3 {[%clk 00:48:10]} {[%emt
00:02:10]} 37. Rc1 {[%clk 00:52:05]} {[%emt 00:01:25]} Qc4 {[%clk 00:47:48]}
{[%emt 00:00:52]} 38. Rb1 {[%clk 00:50:52]} {[%emt 00:01:43]} Ra2 {[%clk
00:41:21]} {[%emt 00:06:56]} 39. Qd7 {[%clk 00:48:39]} {[%emt 00:02:44]} Rcc2
{[%clk 00:37:07]} {[%emt 00:04:44]} 40. Rf1 {[%clk 00:48:02]} {[%emt 00:01:06]}
d3 {[%clk 00:35:43]} {[%emt 00:01:54]} 41. Qxb7 {[%clk 00:45:55]} {[%emt
00:02:38]} d2 {[%clk 00:35:29]} {[%emt 00:00:44]} 42. Qa8+ {[%clk 00:45:37]}
{[%emt 00:00:48]} Kh7 {[%clk 00:35:31]} {[%emt 00:00:26]} 43. Qf3 {[%clk
00:44:53]} {[%emt 00:01:15]} Rc1 {[%clk 00:32:38]} {[%emt 00:03:23]} 44. Qf5+
{[%clk 00:43:30]} {[%emt 00:01:53]} Kh8 {[%clk 00:32:40]} {[%emt 00:00:26]} 45.
Rd1 {[%clk 00:41:55]} {[%emt 00:02:07]} Rxd1+ {[%clk 00:31:30]} {[%emt
00:01:40]} 46. Rxd1 {[%clk 00:42:14]} {[%emt 00:00:11]} Qc1 {[%clk 00:31:34]}
{[%emt 00:00:27]} 47. Qf3 {[%clk 00:41:37]} {[%emt 00:01:05]} Rc2 {[%clk
00:28:13]} {[%emt 00:03:52]} 48. Kh2 {[%clk 00:39:33]} {[%emt 00:02:34]} Rb2
{[%clk 00:26:27]} {[%emt 00:02:17]} 49. Qa8+ {[%clk 00:39:53]} {[%emt
00:00:09]} Kh7 {[%clk 00:26:27]} {[%emt 00:00:30]} 50. Qe4+ {[%clk 00:40:15]}
{[%emt 00:00:09]} Kg8 {[%clk 00:26:31]} {[%emt 00:00:26]} 51. Qd5+ {[%clk
00:39:36]} {[%emt 00:01:09]} Kf8 {[%clk 00:26:26]} {[%emt 00:00:35]} 52. Qd8+
{[%clk 00:39:43]} {[%emt 00:00:22]} Kf7 {[%clk 00:26:29]} {[%emt 00:00:27]} 53.
Qd7+ {[%clk 00:39:38]} {[%emt 00:00:36]} Kg6 {[%emt 00:00:24]} 54. Qg4+ {[%emt
00:00:19]} Kh7 {[%emt 00:00:30]} 1/2-1/2

[Event "ODJM C 2025"]
[Site "Willingen GER"]
[Date "2025.06.11"]
[Round "6"]
[White "Yan, Jenny"]
[Black "Holzhäuser, Thibaut Lautaro"]
[Result "1/2-1/2"]
[Termination "normal"]
[Board "9"]
[WhiteElo "1509"]
[BlackElo "1035"]
[WhiteClock "00:19:15"]
[BlackClock "00:36:43"]
[PlyCount "53"]
[WhiteFideId "34630376"]
[BlackFideId "34679731"]
[EventCountry "GER"]
[EventRounds "9"]
[EventType "swiss"]
[EventDate "2025.06.07"]

1. c4 {[%clk 01:30:58]} {[%emt 00:00:02]} e5 {[%clk 01:30:51]} {[%emt
00:00:09]} 2. g3 {[%clk 01:31:23]} {[%emt 00:00:04]} Nc6 {[%clk 01:31:13]}
{[%emt 00:00:09]} 3. Bg2 {[%clk 01:31:49]} {[%emt 00:00:04]} Nf6 {[%clk
01:31:31]} {[%emt 00:00:11]} 4. Nc3 {[%clk 01:32:08]} {[%emt 00:00:13]} Be7
{[%clk 01:31:19]} {[%emt 00:00:41]} 5. d3 {[%clk 01:32:13]} {[%emt 00:00:24]}
O-O {[%clk 01:31:35]} {[%emt 00:00:15]} 6. Nf3 {[%clk 01:31:55]} {[%emt
00:00:48]} d6 {[%clk 01:30:20]} {[%emt 00:01:45]} 7. O-O {[%emt 00:04:15]} Bg4
{[%clk 01:26:58]} {[%emt 00:00:23]} 8. Re1 {[%clk 01:30:55]} {[%emt 00:01:14]}
h6 {[%clk 01:26:16]} {[%emt 00:01:08]} 9. d4 {[%clk 01:26:33]} {[%emt
00:04:56]} exd4 {[%clk 01:21:06]} {[%emt 00:05:40]} 10. Nxd4 {[%clk 01:26:24]}
{[%emt 00:00:39]} Ne5 {[%clk 01:19:52]} {[%emt 00:01:31]} 11. b3 {[%clk
01:23:13]} {[%emt 00:03:54]} c6 {[%clk 01:15:00]} {[%emt 00:05:22]} 12. Bb2
{[%clk 01:20:55]} {[%emt 00:02:48]} Qd7 {[%clk 01:10:15]} {[%emt 00:05:14]} 13.
Ne4 {[%clk 01:14:02]} {[%emt 00:07:24]} Rfd8 {[%clk 01:04:58]} {[%emt
00:05:47]} 14. Nxf6+ {[%emt 00:04:30]} Bxf6 {[%clk 01:03:11]} {[%emt 00:02:15]}
15. Rb1 {[%clk 01:07:20]} {[%emt 00:03:13]} c5 {[%clk 00:57:43]} {[%emt
00:05:59]} 16. Nf3 {[%clk 01:04:28]} {[%emt 00:03:22]} Qf5 {[%clk 00:52:46]}
{[%emt 00:05:08]} 17. Nxe5 {[%clk 00:58:42]} {[%emt 00:06:34]} dxe5 {[%clk
00:51:50]} {[%emt 00:01:26]} 18. Qc1 {[%clk 00:58:20]} {[%emt 00:00:52]} Bg5
{[%clk 00:50:20]} {[%emt 00:01:56]} 19. e3 {[%clk 00:51:07]} {[%emt 00:07:47]}
e4 {[%clk 00:49:40]} {[%emt 00:01:11]} 20. Qc2 {[%clk 00:47:22]} {[%emt
00:04:11]} Rd3 {[%clk 00:48:44]} {[%emt 00:01:22]} 21. h4 {[%clk 00:42:04]}
{[%emt 00:05:55]} Rad8 {[%clk 00:41:51]} {[%emt 00:07:23]} 22. Rf1 {[%clk
00:34:52]} {[%emt 00:07:43]} Be7 {[%clk 00:39:58]} {[%emt 00:02:23]} 23. Bc3
{[%clk 00:28:40]} {[%emt 00:06:41]} Bf6 {[%clk 00:38:37]} {[%emt 00:01:27]} 24.
Bxf6 {[%clk 00:24:22]} {[%emt 00:05:13]} Qxf6 {[%clk 00:38:56]} {[%emt
00:00:10]} 25. Rb2 {[%clk 00:19:12]} {[%emt 00:05:41]} Rd2 {[%clk 00:36:20]}
{[%emt 00:03:06]} 26. Qxd2 {[%clk 00:18:57]} {[%emt 00:00:44]} Rxd2 {[%clk
00:36:43]} {[%emt 00:00:07]} 27. Rxd2 {[%clk 00:19:15]} {[%emt 00:00:12]}
1/2-1/2

[Event "ODJM C 2025"]
[Site "Willingen GER"]
[Date "2025.06.11"]
[Round "6"]
[White "Gakhov, Gabriel"]
[Black "Englert, Ann"]
[Result "1/2-1/2"]
[Termination "normal"]
[Board "10"]
[WhiteElo "1519"]
[BlackElo "1614"]
[WhiteClock "00:04:00"]
[BlackClock "00:44:15"]
[PlyCount "113"]
[WhiteFideId "533017875"]
[BlackFideId "34606181"]
[EventCountry "GER"]
[EventRounds "9"]
[EventType "swiss"]
[EventDate "2025.06.07"]

1. e4 {[%clk 01:30:58]} {[%emt 00:00:01]} c5 {[%clk 01:30:53]} {[%emt
00:00:07]} 2. Nf3 {[%clk 01:31:19]} {[%emt 00:00:08]} Nc6 {[%clk 01:31:04]}
{[%emt 00:00:20]} 3. c3 {[%clk 01:31:42]} {[%emt 00:00:08]} g6 {[%clk
01:31:12]} {[%emt 00:00:22]} 4. d4 {[%clk 01:32:03]} {[%emt 00:00:08]} cxd4
{[%clk 01:31:13]} {[%emt 00:00:29]} 5. cxd4 {[%clk 01:32:23]} {[%emt 00:00:09]}
Bg7 {[%clk 01:31:06]} {[%emt 00:00:37]} 6. d5 {[%clk 01:32:45]} {[%emt
00:00:09]} Ne5 {[%clk 01:30:03]} {[%emt 00:01:32]} 7. Nxe5 {[%clk 01:32:12]}
{[%emt 00:01:04]} Bxe5 {[%clk 01:30:26]} {[%emt 00:00:07]} 8. f4 {[%clk
01:32:33]} {[%emt 00:00:09]} Bg7 {[%clk 01:30:16]} {[%emt 00:00:40]} 9. Nc3
{[%clk 01:32:38]} {[%emt 00:00:25]} d6 {[%clk 01:29:44]} {[%emt 00:01:02]} 10.
Bb5+ {[%clk 01:26:28]} {[%emt 00:06:40]} Bd7 {[%clk 01:29:42]} {[%emt
00:00:32]} 11. Bxd7+ {[%clk 01:26:03]} {[%emt 00:00:55]} Qxd7 {[%clk 01:30:04]}
{[%emt 00:00:08]} 12. O-O {[%clk 01:26:16]} {[%emt 00:00:16]} Nf6 {[%clk
01:29:42]} {[%emt 00:00:52]} 13. Be3 {[%clk 01:22:50]} {[%emt 00:03:57]} O-O
{[%clk 01:26:39]} {[%emt 00:03:33]} 14. Bd4 {[%clk 01:21:08]} {[%emt 00:02:12]}
a6 {[%clk 01:25:04]} {[%emt 00:02:06]} 15. a4 {[%clk 01:21:05]} {[%emt
00:00:33]} Rac8 {[%clk 01:24:56]} {[%emt 00:00:37]} 16. Qd3 {[%clk 01:14:48]}
{[%emt 00:06:47]} Rc7 {[%clk 01:19:39]} {[%emt 00:05:46]} 17. Rae1 {[%clk
01:08:26]} {[%emt 00:06:53]} Re8 {[%clk 01:16:45]} {[%emt 00:03:24]} 18. Bxf6
{[%clk 01:04:34]} {[%emt 00:04:21]} Bxf6 {[%clk 01:17:05]} {[%emt 00:00:11]}
19. e5 {[%clk 01:03:35]} {[%emt 00:01:29]} dxe5 {[%clk 01:12:59]} {[%emt
00:04:35]} 20. fxe5 {[%clk 01:03:38]} {[%emt 00:00:27]} Bg7 {[%clk 01:11:51]}
{[%emt 00:01:39]} 21. Qe2 {[%clk 00:58:08]} {[%emt 00:05:56]} Qc8 {[%clk
01:05:18]} {[%emt 00:07:05]} 22. Qd3 {[%clk 00:41:17]} {[%emt 00:17:23]} Rc4
{[%clk 01:00:39]} {[%emt 00:05:08]} 23. d6 {[%clk 00:38:43]} {[%emt 00:03:05]}
exd6 {[%clk 01:00:05]} {[%emt 00:01:03]} 24. exd6 {[%clk 00:38:50]} {[%emt
00:00:22]} Rxe1 {[%clk 01:00:08]} {[%emt 00:00:28]} 25. Rxe1 {[%clk 00:39:11]}
{[%emt 00:00:09]} Qc5+ {[%clk 00:57:56]} {[%emt 00:02:40]} 26. Kh1 {[%clk
00:38:18]} {[%emt 00:01:24]} Rd4 {[%clk 00:55:40]} {[%emt 00:02:44]} 27. Ne4
{[%clk 00:28:36]} {[%emt 00:10:15]} Rxd3 {[%clk 00:54:12]} {[%emt 00:01:59]}
28. Nxc5 {[%clk 00:28:41]} {[%emt 00:00:24]} Rxd6 {[%clk 00:54:15]} {[%emt
00:00:27]} 29. Nxb7 {[%clk 00:28:59]} {[%emt 00:00:12]} Rb6 {[%clk 00:54:12]}
{[%emt 00:00:32]} 30. Nc5 {[%clk 00:25:27]} {[%emt 00:04:02]} Bd4 {[%clk
00:53:10]} {[%emt 00:01:33]} 31. b4 {[%clk 00:23:32]} {[%emt 00:02:25]} Rxb4
{[%clk 00:53:20]} {[%emt 00:00:20]} 32. Nxa6 {[%clk 00:23:36]} {[%emt
00:00:23]} Rxa4 {[%clk 00:53:48]} {[%emt 00:00:05]} 33. Nc7 {[%clk 00:18:49]}
{[%emt 00:05:16]} Kg7 {[%clk 00:50:24]} {[%emt 00:03:55]} 34. g3 {[%clk
00:16:52]} {[%emt 00:02:27]} Ra1 {[%clk 00:47:50]} {[%emt 00:02:58]} 35. Rxa1
{[%clk 00:16:30]} {[%emt 00:00:58]} Bxa1 {[%clk 00:48:13]} {[%emt 00:00:07]}
36. Kg2 {[%clk 00:16:43]} {[%emt 00:00:16]} Be5 {[%clk 00:47:33]} {[%emt
00:01:09]} 37. Nd5 {[%clk 00:16:33]} {[%emt 00:00:41]} Bf6 {[%clk 00:47:13]}
{[%emt 00:00:51]} 38. Kf3 {[%clk 00:16:22]} {[%emt 00:00:41]} Be5 {[%clk
00:47:17]} {[%emt 00:00:23]} 39. h4 {[%clk 00:16:28]} {[%emt 00:00:25]} f6
{[%clk 00:46:16]} {[%emt 00:01:33]} 40. g4 {[%clk 00:16:35]} {[%emt 00:00:22]}
Kh6 {[%clk 00:46:18]} {[%emt 00:00:29]} 41. Ne3 {[%clk 00:15:24]} {[%emt
00:01:40]} Bc3 {[%clk 00:45:36]} {[%emt 00:01:08]} 42. Kg2 {[%clk 00:13:32]}
{[%emt 00:02:03]} Kg7 {[%clk 00:45:00]} {[%emt 00:01:30]} 43. Kf3 {[%clk
00:12:51]} {[%emt 00:01:07]} Kf7 {[%clk 00:44:24]} {[%emt 00:01:09]} 44. Ke4
{[%clk 00:12:57]} {[%emt 00:00:23]} Ke6 {[%clk 00:43:52]} {[%emt 00:01:01]} 45.
h5 {[%clk 00:09:25]} {[%emt 00:04:04]} Bd2 {[%clk 00:43:39]} {[%emt 00:00:44]}
46. Nf1 {[%clk 00:09:13]} {[%emt 00:00:40]} f5+ {[%clk 00:43:08]} {[%emt
00:01:03]} 47. gxf5+ {[%clk 00:08:03]} {[%emt 00:01:39]} gxf5+ {[%clk
00:43:31]} {[%emt 00:00:08]} 48. Kf3 {[%clk 00:07:42]} {[%emt 00:00:49]} Bc1
{[%clk 00:43:33]} {[%emt 00:00:28]} 49. Kg3 {[%clk 00:05:59]} {[%emt 00:02:13]}
Ke5 {[%clk 00:43:13]} {[%emt 00:00:52]} 50. Kf3 {[%clk 00:03:50]} {[%emt
00:02:39]} Kf6 {[%clk 00:43:24]} {[%emt 00:00:19]} 51. Ng3 {[%clk 00:03:39]}
{[%emt 00:00:40]} Kg5 {[%clk 00:43:24]} {[%emt 00:00:31]} 52. Nxf5 {[%clk
00:03:51]} {[%emt 00:00:18]} Kxf5 {[%clk 00:43:45]} {[%emt 00:00:09]} 53. Kg2
{[%clk 00:04:08]} {[%emt 00:00:13]} Kg5 {[%clk 00:44:05]} {[%emt 00:00:10]} 54.
Kh1 {[%clk 00:04:14]} {[%emt 00:00:21]} Kxh5 {[%clk 00:43:58]} {[%emt
00:00:40]} 55. Kg2 {[%clk 00:03:54]} {[%emt 00:00:50]} Kh4 {[%clk 00:44:08]}
{[%emt 00:00:18]} 56. Kh1 {[%clk 00:04:00]} {[%emt 00:00:26]} Kg3 {[%clk
00:44:15]} {[%emt 00:00:24]} 57. Kg1 {[%emt 00:01:00]} 1/2-1/2

[Event "ODJM C 2025"]
[Site "Willingen GER"]
[Date "2025.06.11"]
[Round "6"]
[White "Muhl, Justinus"]
[Black "Prokscha, Marlene"]
[Result "1/2-1/2"]
[Termination "normal"]
[Board "11"]
[WhiteElo "1584"]
[BlackElo "1560"]
[WhiteClock "00:36:46"]
[BlackClock "00:09:20"]
[PlyCount "67"]
[WhiteFideId "34635190"]
[BlackFideId "34631291"]
[EventCountry "GER"]
[EventRounds "9"]
[EventType "swiss"]
[EventDate "2025.06.07"]

1. e4 {[%clk 01:30:29]} {[%emt 00:00:31]} e6 {[%clk 01:30:42]} {[%emt
00:00:19]} 2. d4 {[%clk 01:29:20]} {[%emt 00:01:37]} d5 {[%clk 01:31:03]}
{[%emt 00:00:11]} 3. Bd3 {[%clk 01:28:57]} {[%emt 00:00:52]} Nf6 {[%clk
01:25:26]} {[%emt 00:06:08]} 4. Nc3 {[%clk 01:25:25]} {[%emt 00:03:59]} c5
{[%clk 01:15:53]} {[%emt 00:10:06]} 5. exd5 {[%clk 01:21:50]} {[%emt 00:04:05]}
exd5 {[%clk 01:12:47]} {[%emt 00:03:36]} 6. Nf3 {[%clk 01:21:20]} {[%emt
00:00:58]} c4 {[%clk 01:08:18]} {[%emt 00:05:01]} 7. Be2 {[%emt 00:00:13]} Bb4
{[%clk 01:06:40]} {[%emt 00:02:02]} 8. Bd2 {[%clk 01:21:42]} {[%emt 00:00:31]}
O-O {[%clk 01:06:34]} {[%emt 00:00:36]} 9. O-O {[%clk 01:21:19]} {[%emt
00:00:53]} Nc6 {[%clk 01:05:00]} {[%emt 00:02:04]} 10. b3 {[%clk 00:59:20]}
{[%emt 00:22:27]} Re8 {[%clk 00:41:22]} {[%emt 00:24:10]} 11. Na4 {[%clk
00:54:11]} {[%emt 00:05:39]} b5 {[%clk 00:33:48]} {[%emt 00:08:04]} 12. Bxb4
{[%clk 00:53:50]} {[%emt 00:00:51]} Nxb4 {[%clk 00:34:08]} {[%emt 00:00:10]}
13. Nc5 {[%clk 00:54:18]} {[%emt 00:00:02]} Bf5 {[%clk 00:32:19]} {[%emt
00:02:15]} 14. c3 {[%clk 00:54:10]} {[%emt 00:00:42]} Nc6 {[%clk 00:31:36]}
{[%emt 00:01:13]} 15. Re1 {[%clk 00:51:21]} {[%emt 00:03:18]} Ne4 {[%clk
00:26:53]} {[%emt 00:05:14]} 16. Qc1 {[%clk 00:48:36]} {[%emt 00:03:15]} Qd6
{[%clk 00:20:02]} {[%emt 00:07:21]} 17. Nxe4 {[%clk 00:48:17]} {[%emt
00:00:49]} Bxe4 {[%clk 00:19:41]} {[%emt 00:00:51]} 18. bxc4 {[%clk 00:48:13]}
{[%emt 00:00:33]} bxc4 {[%clk 00:19:40]} {[%emt 00:00:31]} 19. Nd2 {[%clk
00:42:00]} {[%emt 00:06:43]} Bf5 {[%clk 00:16:29]} {[%emt 00:03:42]} 20. Bf3
{[%clk 00:41:12]} {[%emt 00:01:17]} h6 {[%clk 00:16:37]} {[%emt 00:00:23]} 21.
Nf1 {[%clk 00:39:19]} {[%emt 00:02:23]} Re6 {[%clk 00:15:16]} {[%emt 00:01:50]}
22. Rxe6 {[%clk 00:39:07]} {[%emt 00:00:42]} fxe6 {[%clk 00:14:13]} {[%emt
00:01:34]} 23. Ng3 {[%clk 00:39:23]} {[%emt 00:00:14]} Bd3 {[%clk 00:14:04]}
{[%emt 00:00:39]} 24. Be2 {[%clk 00:39:28]} {[%emt 00:00:24]} e5 {[%clk
00:12:38]} {[%emt 00:01:57]} 25. Bxd3 {[%clk 00:39:20]} {[%emt 00:00:38]} cxd3
{[%clk 00:13:02]} {[%emt 00:00:06]} 26. Qd2 {[%clk 00:37:24]} {[%emt 00:02:25]}
exd4 {[%clk 00:12:36]} {[%emt 00:00:57]} 27. cxd4 {[%clk 00:37:29]} {[%emt
00:00:25]} Nxd4 {[%clk 00:12:52]} {[%emt 00:00:13]} 28. Qxd3 {[%clk 00:37:54]}
{[%emt 00:00:05]} Qe5 {[%clk 00:13:04]} {[%emt 00:00:19]} 29. Rd1 {[%clk
00:37:49]} {[%emt 00:00:34]} Nc6 {[%clk 00:10:02]} {[%emt 00:03:33]} 30. Qxd5+
{[%clk 00:37:53]} {[%emt 00:00:25]} Qxd5 {[%clk 00:09:32]} {[%emt 00:01:01]}
31. Rxd5 {[%clk 00:38:21]} {[%emt 00:00:02]} Nb4 {[%clk 00:09:21]} {[%emt
00:00:40]} 32. Ra5 {[%clk 00:38:42]} {[%emt 00:00:09]} Kf7 {[%clk 00:09:23]}
{[%emt 00:00:29]} 33. a3 {[%clk 00:38:02]} {[%emt 00:01:09]} Nc2 {[%clk
00:09:20]} {[%emt 00:00:34]} 34. f3 {[%clk 00:36:46]} {[%emt 00:01:45]} 1/2-1/2